<?xml version="1.0" encoding="UTF-8"?><?xml-stylesheet type="text/xsl" href="static/style.xsl"?><OAI-PMH xmlns="http://www.openarchives.org/OAI/2.0/" xmlns:xsi="http://www.w3.org/2001/XMLSchema-instance" xsi:schemaLocation="http://www.openarchives.org/OAI/2.0/ http://www.openarchives.org/OAI/2.0/OAI-PMH.xsd"><responseDate>2026-04-17T12:26:00Z</responseDate><request verb="GetRecord" identifier="oai:www.recercat.cat:2445/120023" metadataPrefix="marc">https://recercat.cat/oai/request</request><GetRecord><record><header><identifier>oai:recercat.cat:2445/120023</identifier><datestamp>2025-12-05T13:19:00Z</datestamp><setSpec>com_2072_1057</setSpec><setSpec>col_2072_478798</setSpec><setSpec>col_2072_478916</setSpec><setSpec>col_2072_478917</setSpec></header><metadata><record xmlns="http://www.loc.gov/MARC21/slim" xmlns:dcterms="http://purl.org/dc/terms/" xmlns:xsi="http://www.w3.org/2001/XMLSchema-instance" xmlns:doc="http://www.lyncode.com/xoai" xsi:schemaLocation="http://www.loc.gov/MARC21/slim http://www.loc.gov/standards/marcxml/schema/MARC21slim.xsd">
   <leader>00925njm 22002777a 4500</leader>
   <datafield ind2=" " ind1=" " tag="042">
      <subfield code="a">dc</subfield>
   </datafield>
   <datafield ind2=" " ind1=" " tag="720">
      <subfield code="a">Ripoll Llagostera, Èlia</subfield>
      <subfield code="e">author</subfield>
   </datafield>
   <datafield ind2=" " ind1=" " tag="720">
      <subfield code="a">Ramon, Laura de</subfield>
      <subfield code="e">author</subfield>
   </datafield>
   <datafield ind2=" " ind1=" " tag="720">
      <subfield code="a">Bordignon Draibe, Juliana</subfield>
      <subfield code="e">author</subfield>
   </datafield>
   <datafield ind2=" " ind1=" " tag="720">
      <subfield code="a">Merino, Ana</subfield>
      <subfield code="e">author</subfield>
   </datafield>
   <datafield ind2=" " ind1=" " tag="720">
      <subfield code="a">Bolaños, Núria</subfield>
      <subfield code="e">author</subfield>
   </datafield>
   <datafield ind2=" " ind1=" " tag="720">
      <subfield code="a">Gomà, Montse</subfield>
      <subfield code="e">author</subfield>
   </datafield>
   <datafield ind2=" " ind1=" " tag="720">
      <subfield code="a">Cruzado, Josep Ma.</subfield>
      <subfield code="e">author</subfield>
   </datafield>
   <datafield ind2=" " ind1=" " tag="720">
      <subfield code="a">Grinyó Boira, Josep M.</subfield>
      <subfield code="e">author</subfield>
   </datafield>
   <datafield ind2=" " ind1=" " tag="720">
      <subfield code="a">Torras Ambròs, Joan</subfield>
      <subfield code="e">author</subfield>
   </datafield>
   <datafield ind2=" " ind1=" " tag="260">
      <subfield code="c">2018-02-20T09:46:03Z</subfield>
   </datafield>
   <datafield ind2=" " ind1=" " tag="260">
      <subfield code="c">2018-02-20T09:46:03Z</subfield>
   </datafield>
   <datafield ind2=" " ind1=" " tag="260">
      <subfield code="c">2016-06-08</subfield>
   </datafield>
   <datafield ind2=" " ind1=" " tag="260">
      <subfield code="c">2018-02-20T09:46:03Z</subfield>
   </datafield>
   <datafield ind2=" " ind1=" " tag="520">
      <subfield code="a">Es va publicar un erratum de l'article a: Arthritis Research &amp; Therapy, 2016, vol. 18 , num. 1, p. 152</subfield>
   </datafield>
   <datafield ind2=" " ind1=" " tag="520">
      <subfield code="a">Background: Lupus nephritis (LN) is a complex chronic autoimmune disease of unknown etiology characterized by loss of tolerance against several self-antigens. Cytokines are known to be central players in LN pathogenesis. The Janus kinase-signal transducer and activator of transcription (JAK-STAT) pathway is one important pathway that mediates signal transduction of several cytokines. In this study, we examined the pathogenic role of this pathway and how CP-690,550 treatment influences LN outcome. Methods: Six-month-old NZB/NZWF1 mice were divided into two different treatment groups: (1) control animals given vehicle treatment, cyclophosphamide, and mycophenolate mofetil treatment as positive controls of the therapy and (2) mice treated with CP-690,550, a JAK3 inhibitor. Mice were treated for 12 weeks. We evaluated renal function, anti-double-stranded DNA (anti-dsDNA) antibody, renal histology changes, kidney complement and immunoglobulin G (IgG) deposits, T-cell and macrophage infiltration, kidney inflammatory gene expression, and circulating cytokine changes. Results: CP-690,550 treatment significantly reduced proteinuria and improved renal function and histological lesions of the kidney. Compared with vehicle-treated animals, those undergoing CP-690,550 treatment showed significantly diminished anti-dsDNA antibody and complement component C3 and IgG deposition in glomeruli. We also observed a significant reduction of T-cell and macrophage infiltration. Kidney gene expression revealed a reduction in inflammatory cytokines and complement and related macrophage-attracting genes. Circulating inflammatory cytokines were also reduced with treatment. Conclusions: On the basis of our results, we conclude that the JAK-STAT pathway is implicated in the progression of renal inflammation in NZB/WF1 mice and that targeting JAK3 with CP-690,550 is effective in slowing down the course of experimental LN. Thus, CP-690,550 could become a new therapeutic tool in LN and other autoimmune diseases.</subfield>
   </datafield>
   <datafield tag="653" ind2=" " ind1=" ">
      <subfield code="a">Lupus</subfield>
   </datafield>
   <datafield tag="653" ind2=" " ind1=" ">
      <subfield code="a">Malalties autoimmunitàries</subfield>
   </datafield>
   <datafield tag="653" ind2=" " ind1=" ">
      <subfield code="a">Citoquines</subfield>
   </datafield>
   <datafield tag="653" ind2=" " ind1=" ">
      <subfield code="a">Ratolins (Animals de laboratori)</subfield>
   </datafield>
   <datafield tag="653" ind2=" " ind1=" ">
      <subfield code="a">Lupus</subfield>
   </datafield>
   <datafield tag="653" ind2=" " ind1=" ">
      <subfield code="a">Autoimmune diseases</subfield>
   </datafield>
   <datafield tag="653" ind2=" " ind1=" ">
      <subfield code="a">Cytokines</subfield>
   </datafield>
   <datafield tag="653" ind2=" " ind1=" ">
      <subfield code="a">Mice (Laboratory animals)</subfield>
   </datafield>
   <datafield ind2="0" ind1="0" tag="245">
      <subfield code="a">JAK3-STAT pathway blocking benefits in experimental lupus nephritis</subfield>
   </datafield>
</record></metadata></record></GetRecord></OAI-PMH>